000 01410nam a2200253Ia 4500
003 Ost
005 20260507075449.0
008 260507s9999||||xx |||||||||||||| ||und||
040 _cfsecg
041 _aara
082 _a657
100 _aحلوة حنان، رضوان
_eمؤلف
245 0 _aالمحاسبة المالية الخاصة /
_c رضوان حلوة حنان
250 _aطبعة 2
260 _aعمان:
_bالدار العلمية الدولية و دار الثقافة للنشر و التوزيع,
_c2001
300 _a427 صفحة؛
_bإيضاحات ؛
_c24 سم
504 _aسلسله الكتب المحاسبيه 3
520 _aيتناول هذا الكتاب محاسبة المنشآت ذات الاقسام - تصميم السجلات المحاسبية - طرق المحاسبة اليدوية - محاسبة المنشآت ذات الفروع الداخلية المستقلة - محاشبة المنشآت ذات الفروع الداخلية التابعة -المحاسبة الدولية والفروع الخارجية - - بضاعة الامانة - بيع الوكيل بضاعة الامانة بالاجل - البيع بالتفسيط
653 _aالمحاسبة
653 _aالمحاسبة الدولية
653 _aمحاسبة المنشأت
700 _aجوزيف، كحالة جبرائيل
_eمؤلف ثانوي
942 _cكتاب
999 _c44615
_d44615